|
|
|
|
| LEADER |
00000nab a2200000 ar4500 |
| 001 |
vtls009008239 |
| 003 |
SK-MaSNL |
| 005 |
20260303065512.0 |
| 008 |
070721c1976 xo mr|||||||||000 b|slo |
| 015 |
|
|
|a SNKBUCL2007/07
|2 snkbucl
|
| 038 |
|
|
|a SNKBUCL
|
| 040 |
|
|
|a SNKBUCL
|b slo
|c SNKBUCL
|e AACR2
|
| 041 |
0 |
|
|a slo
|
| 044 |
|
|
|a xo
|c SK
|
| 080 |
|
|
|a 796.33
|2 2001
|
| 100 |
1 |
|
|a Klement, Emil
|4 aut
|9 1065640
|
| 245 |
1 |
0 |
|a Interklub v 10. sezóne
|b (o činnosti kolektívu spoločenského tanca)
|c Emil Klement
|
| 300 |
|
|
|b Obr.
|
| 650 |
0 |
7 |
|a spoločenské tance
|2 snkbucl
|9 29452
|
| 773 |
0 |
|
|t Rytmus
|g Roč. 27, č. 4 (1976), s. 28-29
|
| 852 |
|
|
|a SNK
|b KIS3GCP
|
| 999 |
|
|
|c 1751445
|d 1753375
|